Entrepreneurship / (Record no. 7682)
[ view plain ]
| 000 -LEADER | |
|---|---|
| fixed length control field | 01662cam a22003015a 4500 |
| 003 - CONTROL NUMBER IDENTIFIER | |
| control field | EG-ScBUE |
| 005 - DATE AND TIME OF LATEST TRANSACTION | |
| control field | 20201128013340.0 |
| 008 - FIXED-LENGTH DATA ELEMENTS--GENERAL INFORMATION | |
| fixed length control field | 101004t2003 enka f b 001 0 eng d |
| 020 ## - INTERNATIONAL STANDARD BOOK NUMBER | |
| International Standard Book Number | 0077098587 |
| 020 ## - INTERNATIONAL STANDARD BOOK NUMBER | |
| International Standard Book Number | 9780077098582 |
| 040 ## - CATALOGING SOURCE | |
| Original cataloging agency | EG-ScBUE |
| Language of cataloging | eng |
| Description conventions | rda |
| Transcribing agency | EG-ScBUE |
| Modifying agency | EG-ScBUE |
| 082 04 - DEWEY DECIMAL CLASSIFICATION NUMBER | |
| Classification number | 338.04 |
| Item number | KIR |
| Edition number | 22 |
| 100 1# - MAIN ENTRY--PERSONAL NAME | |
| Personal name | Kirby, David A. |
| Fuller form of name | (David Anthony) |
| Relator term | author. |
| 9 (RLIN) | 20050 |
| 245 10 - TITLE STATEMENT | |
| Title | Entrepreneurship / |
| Statement of responsibility, etc | David A. Kirby, professor of entrepreneurship, University of Surrey, England, adjunct professor of entrepreneurship, University of South Australia. |
| 264 #1 - PUBLICATION, DISTRIBUTION, ETC. (IMPRINT) | |
| Place of publication, distribution, etc | London : |
| Name of publisher, distributor, etc | McGraw-Hill Education, |
| Date of publication, distribution, etc | [2003] |
| 264 #4 - PUBLICATION, DISTRIBUTION, ETC. (IMPRINT) | |
| Date of publication, distribution, etc | c2003 |
| 300 ## - PHYSICAL DESCRIPTION | |
| Extent | xxv, 333 pages : |
| Other physical details | illustrations ; |
| Dimensions | 25 cm |
| 336 ## - CONTENT TYPE | |
| Source | rdacontent |
| Content type term | text |
| Content type code | txt |
| 337 ## - MEDIA TYPE | |
| Source | rdamedia |
| Media type term | unmediated |
| Media type code | n |
| 338 ## - CARRIER TYPE | |
| Source | rdacarrier |
| Carrier type term | volume |
| Carrier type code | nc |
| 504 ## - BIBLIOGRAPHY, ETC. NOTE | |
| Bibliography, etc | Includes bibliographical references and index. |
| 520 ## - SUMMARY, ETC. | |
| Summary, etc | "In Entrepreneurship, Professor Kirby draws on his extensive experience as an entrepreneurship researcher, educator, trainer and consultant, both in the U.K. and overseas, to produce a text that is not just about the theory of entrepreneurship, but about the application of theory to practice. Thus, it is concerned with the process of developing entrepreneurship - in society and the economy, people and organizations. Throughout, the learning is reinforced by real-life cases, practical exercises and, importantly, the reader's own experiences to encourage them to learn from doing." |
| 590 ## - LOCAL NOTE (RLIN) | |
| Local note | doaa mohamed |
| 650 #7 - SUBJECT ADDED ENTRY--TOPICAL TERM | |
| Topical term or geographic name as entry element | Entrepreneurship. |
| Source of heading or term | BUEsh |
| 9 (RLIN) | 240 |
| 653 ## - INDEX TERM--UNCONTROLLED | |
| Resource For college | Generalities |
| Arrived date list | September2017 |
| 655 ## - INDEX TERM--GENRE/FORM | |
| Form subdivision | Reading book |
| 9 (RLIN) | 34232 |
| 942 ## - ADDED ENTRY ELEMENTS (KOHA) | |
| Koha item type | Book - Borrowing |
| Call number prefix | 338.04 KIR |
| Source of classification or shelving scheme | Dewey Decimal Classification |
| Withdrawn status | Lost status | Source of classification or shelving scheme | Materials specified (bound volume or other part) | Damaged status | Not for loan | Home library | Current library | Shelving location | Date acquired | Source of acquisition | Total Checkouts | Total Renewals | Full call number | Barcode | Date last seen | Date checked out | Koha item type | Collection code | Cost, normal purchase price | Checked out | Cost, replacement price | Price effective from |
|---|---|---|---|---|---|---|---|---|---|---|---|---|---|---|---|---|---|---|---|---|---|---|
| Lost | Dewey Decimal Classification | Lost In Inventory_2005-2015/8/22 | Central Library | Central Library | First floor | 28/02/2008 | Purchase | 6 | 1 | 338.04 KIR | 000009099 | 09/03/2010 | 23/12/2008 | NB - Book (Non borrowing) | ||||||||
| Dewey Decimal Classification | Central Library | Central Library | First floor | 04/10/2010 | 29 | 69 | 338.04 KIR | 000009096 | 19/12/2013 | 19/12/2013 | Book - Borrowing | Baccah | 150.00 | 01/06/2017 | 187.50 | 04/02/2008 | ||||||
| Dewey Decimal Classification | Central Library | Central Library | First floor | 04/10/2010 | 61 | 63 | 338.04 KIR | 000009095 | 21/10/2025 | 21/10/2025 | Book - Borrowing | Baccah | 20/11/2025 | 04/02/2008 | ||||||||
| Dewey Decimal Classification | Central Library | Central Library | First floor | 28/02/2008 | Purchase | 15 | 51 | 338.04 KIR | 000047930 | 15/07/2025 | 03/10/2010 | Book - Borrowing | ||||||||||
| Lost | Dewey Decimal Classification | Lost In Inventory_2005-2015/8/22 | Central Library | Central Library | First floor | 28/02/2008 | Purchase | 13 | 10 | 338.04 KIR | 000009092 | 09/03/2010 | 03/03/2010 | Book - Borrowing | ||||||||
| Dewey Decimal Classification | Central Library | Central Library | First floor | 04/10/2010 | 43 | 125 | 338.04 KIR | 000009093 | 15/07/2025 | 03/11/2019 | Book - Borrowing | Baccah | 04/02/2008 | |||||||||
| Lost & Replaced | Dewey Decimal Classification | Central Library | Central Library | First floor | 28/02/2008 | Purchase | 18 | 35 | 338.04 KIR | 000009094 | 18/09/2017 | 05/12/2013 | Book - Borrowing | |||||||||
| Dewey Decimal Classification | Central Library | Central Library | First floor | 04/10/2010 | 47 | 77 | 338.04 KIR | 000009089 | 15/07/2025 | 03/07/2017 | Book - Borrowing | Baccah | 04/02/2008 | |||||||||
| Dewey Decimal Classification | Central Library | Central Library | First floor | 04/10/2010 | 48 | 98 | 338.04 KIR | 000009097 | 15/07/2025 | 31/07/2019 | Book - Borrowing | Baccah | 03/03/2008 | |||||||||
| Dewey Decimal Classification | Central Library | Central Library | First floor | 04/10/2010 | 17 | 338.04 KIR | 000009098 | 15/07/2025 | 08/01/2014 | NB - Book (Non borrowing) | Baccah | 04/10/2010 | ||||||||||
| Lost and Paid For | Dewey Decimal Classification | Central Library | Central Library | 18/09/2017 | 7 | 26 | 338.04 KIR | 000046573 | 22/01/2022 | 22/01/2022 | Book - Borrowing | 520.00 | 18/09/2017 |